Normal view MARC view
  • Cauchy problem

Entry Topical Term

Number of records used in: 1

001 - CONTROL NUMBER

  • control field: 8043

003 - CONTROL NUMBER IDENTIFIER

  • control field: OSt

005 - DATE AND TIME OF LATEST TRANSACTION

  • control field: 20260116101540.0

008 - FIXED-LENGTH DATA ELEMENTS

  • fixed length control field: 260116|| aca||aabn | a|a d

040 ## - CATALOGING SOURCE

  • Original cataloging agency: OSt
  • Transcribing agency: OSt

150 ## - HEADING--TOPICAL TERM

  • Topical term or geographic name entry element: Cauchy problem

670 ## - SOURCE DATA FOUND

  • Source citation: Work cat.: (OSt)755124: Jeribi, Aref 8040, Spectral theory and applications of linear operators and block operator matrices, 2015